000
00342 a2200157 4500
001
75171
020
_a
9788576711711
040
_c
Anchieta - Colégio São Paulo
100
_a
Cruzick, Fernanda
240
1
0
_a
A criação:
_l
por
245
1
0
_a
A criação:
300
_a
24
362
0
_a
2013
650
4
_a
Literatura infantil
942
_c
BK
999
_c
75171
_d
75171